| 000 | 00724nam a2200205 a 4500 | ||
|---|---|---|---|
| 005 | 20240813063758.0 | ||
| 008 | 011030s1986 mx r 000 0 spa d | ||
| 035 | _aUPN01000113630 | ||
| 049 | _aC | ||
| 050 | 4 |
_aPM4016 _bD5.3 |
|
| 245 | 0 | 0 |
_aDiccionario mixteco de San Juan Colorada / _ccomp. Sara Stark Campbell ; colab. Catalina López de García. |
| 260 |
_aMéxico : _bILVAC, _c1986. |
||
| 300 | _axii, 209 p. | ||
| 440 | 0 |
_aSerie de vocabularios y diccionario indígenas Mariano Silva Aceves ; _v29 |
|
| 650 | 4 |
_aMixteco _vDiccionarios _917370 |
|
| 650 | 4 |
_aIndígenas de México _zOaxaca _xLenguas _917368 |
|
| 700 | 1 |
_aStark Campbell, Sara, _ecomp. |
|
| 700 | 1 |
_aLópez de García, Catalina, _ecolab. |
|
| 905 | _aLibro | ||
| 999 |
_c87538 _d87538 |
||